00617 2200193 4500001002100000005001500021008004100036035002500077082001700102084002300119110004900142245009200191260005500283300002700338600001400365600001600379650001600395990001200411INLIS00000000000007120220527121841220527 | ind  a0010-121900000000071 a63:34(084.3) a63:34(084.3) IND a1 aINDONESIA. Kementerian Pertanian. Biro Hukum1 aAbstrak peraturan perundangan bidang pertanian 2017 /cBiro Hukum Kementerian Pertanian aJakarta :bBiro Hukum Kementerian Pertanian,c2017 axliv, 668 p. ;c24 cm. 4aABSTRACTS 4aREGULATIONS 4aAGRICULTURE aaC00287